000 00366cam a22001217a 4500
008 180718b1947 xxu||||| |||| 00| 0 eng d
082 _aT2x54 D118
100 _aCosta, E. DA
245 _aIndian industry today and tomorrow : an essay in reconstruction
_cby E. DA Costa
260 _aBombay
_bLongmans Green
_c1947
300 _axi,166p.
650 _aIndustries --India
999 _c437659
_d437659